Análisis regional de la comunidad de coleopteros coprófagos (<Scarabaeidae: scarabaeinae>) en remanentes de bosque seco de la región Caribe de Colombia>) (Registro nro. 10348)

Detalles MARC
000 -CABECERA
Campo de control 009250000a22002290004500
090 ## - CLASIFICACIÓN LOCAL
Colección AR
Consecutivo 01263
041 0# - IDIOMA
Código de idioma para texto/pista de sonido o título separado
100 1# - ASIENTO PRINCIPAL--NOMBRE PERSONAL
Nombre personal Escobar Sarria, Federico
245 10 - MENCION DE TITULO
Título Análisis regional de la comunidad de coleopteros coprófagos (<Scarabaeidae: scarabaeinae>) en remanentes de bosque seco de la región Caribe de Colombia>)
650 14 - ASIENTO SECUNDARIO DE MATERIA - TERMINO TEMATICO
Término temático o nombre geográfico como elemento de entrada Bosques secos
650 14 - ASIENTO SECUNDARIO DE MATERIA - TERMINO TEMATICO
Término temático o nombre geográfico como elemento de entrada Escarabajos
650 14 - ASIENTO SECUNDARIO DE MATERIA - TERMINO TEMATICO
Término temático o nombre geográfico como elemento de entrada Taxonomía animal
651 #4 - ASIENTO SECUNDARIO DE MATERIA - NOMBRE GEOGRAFICO
-- Isla de Tierra Bomba
-- Bolivar
-- Colombia
651 #4 - ASIENTO SECUNDARIO DE MATERIA - NOMBRE GEOGRAFICO
-- Neguange
-- Magdalena
-- Colombia
653 ## - TERMINO DE INDIZACION - NO CONTROLADO
-- Malagoniella
-- Malagoniella astyanax
653 ## - TERMINO DE INDIZACION - NO CONTROLADO
-- Deltochilum
-- Deltochilum orbignyi
653 ## - TERMINO DE INDIZACION - NO CONTROLADO
-- Phanaeus
-- Phanaeus prasinus
653 ## - TERMINO DE INDIZACION - NO CONTROLADO
-- Eurysternus
-- Eurysternus impressicollis
653 ## - TERMINO DE INDIZACION - NO CONTROLADO
-- Coprophanaeus
-- Coprophanaeus jasius
773 1# - Item fuente:
Título Memorias III Reunión Latinoamericana de Escarabeidología
Especificación de materiales 77
Paginas del Articulo 25-26
Lugar, editorial y fecha de publicación 1997
942 ## - ELEMENTOS ADICIONALES (KOHA)
Tipo de ítem Artículo
Existencias
Withdrawn status Lost status Damaged status No para préstamo Colección Ubicación Permanente Ubicación actual Fecha de adquisición Datos de publicación Seriada Total Checkouts Número topográfico Inventario / Código de Barras Date last seen Ejemplar Price effective from Forma de adquisición Tipo de material
      No para Préstamo Hemeroteca Bogotá Bogotá 27/02/2015 Fuera de circulación   AR 01263 011596 25/03/2015 1 25/03/2015   Artículo